Netflix Original Cartoons / Animated Series - Statistics

General Stats
  • This quiz has been taken 35 times
  • The average score is 7 of 20
Answer Stats
Picture Answer % Correct
Bojack Horseman
84%
Arcane
81%
The Cuphead Show
72%
Carmen Sandiego
63%
Hilda
53%
She-Ra and the Princesses of Power
53%
Scott Pilgrim Takes Off
44%
Castlevania
34%
Inside Job
31%
Kipo and the Age of Wonderbeasts
25%
Love, Deaths & Robots
25%
The Dragon Prince
25%
Bee And PuppyCat
22%
The Hollow
19%
Dead End: Paranormal Park
13%
Glitch Techs
13%
Jentry Chau vs. The Underworld
9%
Kid Cosmic
9%
Centaurworld
6%
Carol & The End Of The World
0%
No matching quizzes found
Score Distribution
Percent of People with Each Score
Percentile by Number Answered
Your Score History
You have not taken this quiz